000 00802nam a2200265Ia 4500
003 OSt
005 20220918164602.0
006 a|||||r|||| 00| 0
007 ta
008 220917b |||||||| |||| 00| 0 eng d
020 _a0691067406
024 _a28,010
037 _cTextual
040 _aARTS
_cARTS
_beng
041 _2eng
_aeng
082 _aO111,2N07x, M8
100 _aAuden Wystan Hugh
_919574
245 0 _aPlays and other dramatic writings by W H Auden 1928-38 ed by Edward Mendelson
260 _aNew Jersey
_bPrinceton Univ Press
_c1988
300 _axxxi,680p.
_ccm.
650 _aENGLISH LITERATURE
700 _a Isherwood Christopher
_919575
942 _hO111,2N07x, M8
_cTEXL
_2CC
999 _c125441
_d125441